| 000 | 00365nam a2200157Ia 4500 | ||
|---|---|---|---|
| 003 | Ost | ||
| 005 | 20260225132552.0 | ||
| 008 | 260225s9999||||xx |||||||||||||| ||und|| | ||
| 040 | _cfsic | ||
| 041 | _afre | ||
| 082 | _a440 | ||
| 100 |
_aAbed el kader sid-ahmed _eAuteur |
||
| 245 | 0 | _aNord-sud les enjeux / | |
| 245 | 0 | _cAbed el kader sid-ahmed | |
| 942 | _cكتاب | ||
| 999 |
_c34197 _d34197 |
||